La batalla intelectual por el Perú : (Registro nro. 21936)

Detalles MARC
000 -Cabecera
Campo de control interno 01055nam a2200265Ia 4500
005 - Fecha y hora del registro
control field 20260320113326.0
008 - Elementos de Longitud Fija
fixed length control field 260320s9999||||xx |||||||||||||| ||und||
020 ## - ISBN
ISBN 9789972467318
041 ## - Idioma
Codigo Idioma ESP
082 ## - DEWEY y NOTACIÓN INTERNA
Dewey 305.5520985
Notación Interna M41
100 ## - AUTOR
Autor denominación Melgar Bao, Ricardo,
Término de relación autor
245 #0 - TÍTULO DE MATERIAL BIBLIOGRÁFICO
Título La batalla intelectual por el Perú :
Título paralelo tras las visiones de Haya de la Torre, Mariátegui y Arguedas
246 ## - TÍTULO TRADUCIDO
Título
Título paralelo
Autor
250 ## - EDICIÓN
Edición Primera edición
260 ## - CIUDAD, EDITORIAL, AÑO
Ciudad Lima :
Nombre de la Editorial Universidad Nacional Mayor de San Marcos. Fondo Editorial,
Año 2023
300 ## - DESCRIPCIÓN
N° Páginas 233 páginas :
Otros detalles tablas ;
Dimensiones 29 cm.
Material Adicional
440 ## - MENCIÓN DE SERIE
Título de la Serie
Número de Serie
Volumen de Serie
650 ## - TEMAS
Temas Ciencias Sociales
653 ## - DESCRIPTORES
Lenguajes no controlado Perú - Vida intelectual - Siglo XX; Mariátegui, José Carlos, 1894-1930; Haya de la Torre, Víctor Raúl, 1895-1979; Arguedas, José María, 1911-1969
654 ## - PROGRAMAS
Programa Dpto. de Humanidades
700 ## - OTROS AUTORES
Otros autores Melgar Tísoc, Dahil; Jaimes Navarro, Perla;
Títulos y otras palabras asociadas con el nombre
856 ## - URL - UBICACIÓN
URI/URL: Enlace exacto del recurso <a href="https://0u20jm1ky-y-https-www-jstor-org.itmsp.museknowledge.com/">https://0u20jm1ky-y-https-www-jstor-org.itmsp.museknowledge.com/</a>
Nota pública: Versión digital <a href="Véase además: Base de datos EBSCOhost">Véase además: Base de datos EBSCOhost</a>
942 ## - ELEMENTOS DE KOHA
Tipo de documento Libro
Nombre del creador Justo Noguera
Código de catalogador Margarita Torres
Esquema de clasificación Dewey Decimal Classification
Suppress in OPAC
Existencias
Codigo completo Registro Colección Copia número Disponibilidad Tipo de préstamo Biblioteca Actual Procedencia (Biblioteca) Ubicacón Fecha Ingreso Tipo de Adquisición Observación Date last seen Total checkouts Price effective from Tipo de Item Estado del Material Fuente de Clasificación Damaged status Withdrawn status
305.5520985 M41 1086335 Universidad Católica San Pablo 1 Disponible Disponible Víctor Andrés Belaunde Víctor Andrés Belaunde Planta baja abierta 10/03/2026 Compra Humanidades 20/03/2026   20/03/2026 Libro Bueno Dewey Decimal Classification